| 000 | 00832nam a2200217Ia 4500 | ||
|---|---|---|---|
| 005 | 20250320163925.0 | ||
| 008 | 240825s9999 xx 000 0 und d | ||
| 020 |
_a9780367630492 _qhbk |
||
| 041 | _aeng | ||
| 082 |
_a301 _bWHI |
||
| 100 | _aWhimster, Sam | ||
| 245 | 0 |
_aEssential weber _c/Sam Whimster _ba reader |
|
| 250 | _a1st ed. | ||
| 260 |
_bRoutledge _cc2004 _aNew York |
||
| 300 |
_aviii, 422 p. _c23 cm. |
||
| 500 | _aReprint, 2021 | ||
| 504 | _aindex | ||
| 520 | _aSelected by one of the world's leading Weber scholars, this book introduces his work to a new generation of readers. With many readings being specially translated for this collection, Weber speaks anew in the idiom of the twenty-first century. | ||
| 650 | _aReligion and sociology; Social stratification; Sociological theories | ||
| 942 | _cENGLISH | ||
| 999 |
_c545658 _d545658 |
||